| 000 | 00365 a2200133 4500 | ||
|---|---|---|---|
| 999 |
_c12790 _d12790 |
||
| 008 | 240627b ||||| |||| 00| 0 eng d | ||
| 020 | _a9781946226273 | ||
| 082 | _a307 | ||
| 100 | _a Philip F. Yuan | ||
| 245 | _aCollaborative Laboratory: Works of Archi-Union and Fab-Union | ||
| 260 |
_b Oscar Riera Ojeda Publishers _c2019 |
||
| 300 | _a398pages | ||
| 942 | _2ddc | ||